[Event "Helsingor Xtracon op"]
[Site "Helsingor"]
[Date "2017.07.30"]
[Round "10"]
[White "Maselli, David"]
[Black "Winther, Bjarke Rosenborg"]
[Result "1/2-1/2"]
[WhiteElo "1568"]
[BlackElo "1741"]
[PlyCount "37"]
[EventDate "2017.07.22"]
[EventType "swiss"]
[EventRounds "10"]
[EventCountry "DEN"]
[SourceTitle "CBM 179 Extra"]
[Source "ChessBase"]
[SourceDate "2017.08.23"]
[SourceVersion "1"]
[SourceVersionDate "2017.08.23"]
[SourceQuality "1"]

1. d4 d5 2. c4 c6 3. Nc3 Nf6 4. e3 Bg4 5. Be2 Bxe2 6. Qxe2 e6 7. Nf3 Nbd7 8. 0-0 Be7 9. e4 dxe4 10. Nxe4 Nxe4 11. Qxe4 Nf6 12. Qd3 Qc7 13. a3 Rd8 14. Qb3 0-0 15. Rd1 a6 16. Bg5 h6 17. Bh4 b5 18. Rac1 Qb7 19. cxb5 1/2-1/2

[Event "Helsingor Xtracon op"]
[Site "Helsingor"]
[Date "2017.07.22"]
[Round "1"]
[White "Pallesen, Jacob"]
[Black "Maselli, David"]
[Result "1/2-1/2"]
[WhiteElo "2054"]
[BlackElo "1568"]
[PlyCount "38"]
[EventDate "2017.07.22"]
[EventType "swiss"]
[EventRounds "10"]
[EventCountry "DEN"]
[SourceTitle "CBM 179 Extra"]
[Source "ChessBase"]
[SourceDate "2017.08.23"]
[SourceVersion "1"]
[SourceVersionDate "2017.08.23"]
[SourceQuality "1"]

1. b3 Nf6 2. Bb2 g6 3. e4 d6 4. Nc3 Bg7 5. d4 0-0 6. Be2 e5 7. dxe5 dxe5 8. Nf3 Nbd7 9. 0-0 b6 10. Bb5 Bb7 11. Bxd7 Nxd7 12. Nd5 Re8 13. Qe2 c6 14. Nb4 Qc7 15. Rad1 Rad8 16. Nd3 Ba6 17. c4 f6 18. g4 g5 19. Nb4 Bb7 1/2-1/2

[Event "Helsingor Xtracon op"]
[Site "Helsingor"]
[Date "2016.07.31"]
[Round "10"]
[White "Maselli, David"]
[Black "Andersen, Johnny"]
[Result "0-1"]
[WhiteElo "1567"]
[BlackElo "1740"]
[PlyCount "120"]
[EventDate "2016.07.23"]
[EventType "swiss"]
[EventRounds "10"]
[EventCountry "DEN"]
[SourceTitle "CBM 173 Extra"]
[Source "ChessBase"]
[SourceDate "2016.08.29"]
[SourceVersion "1"]
[SourceVersionDate "2016.08.29"]
[SourceQuality "1"]

1. d4 e6 2. Nc3 Bb4 3. e4 d5 4. Bd3 Nf6 5. Bg5 h6 6. Bxf6 Qxf6 7. e5 Qe7 8. Nge2 c5 9. Bb5+ Bd7 10. Bxd7+ Nxd7 11. f4 cxd4 12. Nxd4 a6 13. 0-0 Bxc3 14. bxc3 Qc5 15. Rf3 0-0-0 16. Qb1 Nb8 17. Kh1 Nc6 18. Nxc6 Qxc6 19. Qb4 g6 20. Rb1 Rd7 21. Qd4 Kc7 22. Rd3 Rc8 23. a4 Kd8 24. Rb4 Qc5 25. Kg1 Qxd4+ 26. Rbxd4 Rdc7 27. Rb4 Ke8 28. Rh3 h5 29. g4 Rxc3 30. Rxc3 Rxc3 31. Rxb7 Rxc2 32. Ra7 Rc4 33. Rxa6 Rxf4 34. gxh5 gxh5 35. a5 Ra4 36. Ra7 Kf8 37. a6 Kg7 38. Ra8 Kg6 39. a7 Kf5 40. Rh8 Rxa7 41. Rxh5+ Kg6 42. Rh3 d4 43. Kf2 Rd7 44. Ke2 Kf5 45. Rh5+ Ke4 46. Rg5 Rb7 47. h4 Rb2+ 48. Kd1 Rh2 49. Rh5 Ke3 50. Rg5 Rh1+ 51. Kc2 d3+ 52. Kc3 Rc1+ 53. Kb2 d2 54. Rg3+ Kf2 55. Rd3 d1Q 56. Rxd1 Rxd1 57. Kc3 Ke3 58. Kc4 Ke4 59. h5 Rh1 60. Kc5 Kxe5 0-1